Incontri inglesi e americani /
Uloženo v:
| Hlavní autor: | |
|---|---|
| Médium: | Kniha |
| Jazyk: | italština |
| Vydáno: |
Pavia :
R. Giardini,
1966
|
| Témata: | |
| Tagy: |
Žádné tagy, Buďte první, kdo vytvoří štítek k tomuto záznamu!
|
MARC
| LEADER | 00000nam a22000007i 4500 | ||
|---|---|---|---|
| 001 | IT\ICCU\SBL\0385329 | ||
| 003 | ItRI | ||
| 005 | 20250703111910.0 | ||
| 008 | 910930s1966 it |||||| ||||| |||||c | ||
| 015 | |2 IT |a S7608 | ||
| 040 | |b ita |c Arcigay Genova | ||
| 041 | 7 | |a ita |2 ISO-639-2 | |
| 082 | |a 820.9 |2 17 | ||
| 100 | 1 | |a Gerevini, Silvano |0 IT\ICCU\MILV\073070 |4 aut | |
| 245 | 1 | 0 | |a Incontri inglesi e americani / |c Silvano Gerevini. |
| 260 | |a Pavia : |b R. Giardini, |c 1966 | ||
| 300 | |a 90 p. ; |c 21 cm . | ||
| 650 | 7 | |a Letteratura americana | |
| 650 | 7 | |a Letteratura inglese | |
| 942 | |2 ddc |c BK | ||
| 952 | |0 0 |1 0 |2 ddc |4 0 |6 B_SCR04GERSIINC11 |7 1 |9 4483 |a MI |b MI |d 2005-04-09 |i 99 |l 0 |o B-SCR04-GERSI-INC11 |p CDOM99 |r 2025-07-02 22:52:39 |w 2025-07-02 |x DONO DELL'AUTORE |y BK | ||
| 981 | 1 | |6 z01 |a i |b xxxe | |
| 982 | 1 | |6 z01 |a n | |
| 999 | |c 3506 |d 3506 | ||